| 000 | 00811cam a2200217 4500 | ||
|---|---|---|---|
| 001 | sa 68018179 | ||
| 003 | DLC | ||
| 005 | 20260227112709.0 | ||
| 008 | 711013s1963 ii ach 010 0beng | ||
| 010 | _asa 68018179 | ||
| 025 | _aPL480:I-E-10579 | ||
| 040 |
_aDLC _cDLC _dDLC |
||
| 041 | 0 | _aenghin | |
| 050 | 0 | 0 |
_aDS481.R278 _bC6 |
| 245 | 0 | 0 | _aCommemoration volume presented to Poojya Swami Ramananda Tirtha on his 61st birthday by the Shashtyabdipoortī Celebrations Committee on 23-10-1963 at Hyderabad, A.P. |
| 260 |
_a[Hyderabad, _bSwami Ramananda Tirtha Shashtyabdipoorti Celebrations Committee, _c1963] |
||
| 300 |
_a[28], 127 p. _billus., facsim., ports. _c25 cm. |
||
| 500 | _aEnglish or Hindi. | ||
| 600 | 0 | 0 |
_aRamananda Tirtha, _cSwami, _d1903-1972. |
| 700 | 0 |
_aRamananda Tirtha, _cSwami, _d1903-1972. |
|
| 999 |
_c88225 _d88225 |
||